[Event "Vladimir Petrov Mem 2016"]
[Site "Jurmala LAT"]
[Date "2016.03.06"]
[Round "11.4"]
[White "Shirov,A"]
[Black "Fedorov,Alex"]
[Result "1/2-1/2"]
[WhiteElo "2685"]
[BlackElo "2561"]

1.e4 c5 2.Nf3 e6 3.d4 cxd4 4.Nxd4 a6 5.c4 Nf6 6.Nc3 Qc7 7.Be2 b6 8.Bg5 Bb7
9.Bxf6 gxf6 10.O-O Nc6 11.Kh1 Qd6 12.Nb3 Qxd1 13.Raxd1 Rb8 14.Na4 Ba8 15.c5 bxc5
16.Naxc5 Bxc5 17.Nxc5 Rxb2 18.Bxa6 Rxa2 19.Bc8 O-O 20.Bxd7 Rc2 21.Nd3 Ne5  1/2-1/2

[Event "Vladimir Petrov Mem 2016"]
[Site "Jurmala LAT"]
[Date "2016.03.06"]
[Round "12.5"]
[White "Lintchevski,D"]
[Black "Shirov,A"]
[Result "1/2-1/2"]
[WhiteElo "2561"]
[BlackElo "2685"]

1.e4 e5 2.Nf3 Nc6 3.Nc3 Nf6 4.d4 exd4 5.Nxd4 Bb4 6.Nxc6 bxc6 7.Bd3 d5 8.exd5 cxd5
9.O-O O-O 10.Bg5 Be6 11.Nb5 c5 12.a3 Ba5 13.b4 Bb6 14.bxc5 Bxc5 15.c3 h6
16.Bh4 Rc8 17.Nd4 Bxd4 18.cxd4  1/2-1/2

[Event "GRENKE Chess Open 2016"]
[Site "Karlsruhe GER"]
[Date "2016.03.24"]
[Round "1.8"]
[White "Weller,M"]
[Black "Shirov,A"]
[Result "0-1"]
[WhiteElo "2171"]
[BlackElo "2685"]

1.e4 e5 2.Nf3 Nc6 3.Bb5 a6 4.Ba4 Nf6 5.O-O b5 6.Bb3 Bc5 7.d3 d6 8.c3 h6 9.h3 O-O
10.d4 Bb6 11.Be3 Re8 12.Nbd2 exd4 13.cxd4 Na5 14.Bc2 Bb7 15.Qb1 Qe7 16.e5 Nd5
17.Re1 dxe5 18.Nxe5 Nxe3 19.fxe3 c5 20.Rf1 Bd5 21.Bh7+ Kh8 22.b4 cxd4 23.bxa5 Qxe5
24.axb6 dxe3 25.Rf5 Qd4 26.Rxd5 Qxd5 27.Be4 Qd4 28.Bxa8 exd2+ 29.Kh2 Qd6+
30.g3 Re1  0-1

[Event "GRENKE Chess Open 2016"]
[Site "Karlsruhe GER"]
[Date "2016.03.25"]
[Round "2.8"]
[White "Shirov,A"]
[Black "Yurtseven,M"]
[Result "1-0"]
[WhiteElo "2685"]
[BlackElo "2323"]

1.e4 c5 2.Nf3 d6 3.d4 cxd4 4.Nxd4 Nf6 5.Nc3 a6 6.Be3 e5 7.Nb3 Be6 8.f3 h5
9.Qd2 Nbd7 10.O-O-O Qc7 11.Kb1 b5 12.Nd5 Bxd5 13.exd5 Nb6 14.Bxb6 Qxb6 15.c4 b4
16.f4 e4 17.Nd4 g6 18.Nc6 Bg7 19.Qxb4 Qxb4 20.Nxb4 Ng4 21.Rd2 e3 22.Re2 Nf2
23.Rg1 O-O 24.Nc6 Rfe8 25.g3 Ne4 26.Kc2 Nd2 27.Bg2 Nxc4 28.b3 Na3+ 29.Kd3 Nb5
30.Rc1 a5 31.a4 Nc7 32.Rxe3 Rxe3+ 33.Kxe3 Na6 34.Kd3 Nc5+ 35.Rxc5 dxc5 36.d6 Kf8
37.d7 Bf6 38.Kc4 Rd8 39.Nxd8 Bxd8 40.Kxc5 Ke7 41.Kc6 Ke6 42.Bd5+ Ke7 43.h4 Kf6
44.Kb7  1-0

[Event "GRENKE Chess Open 2016"]
[Site "Karlsruhe GER"]
[Date "2016.03.25"]
[Round "3.6"]
[White "Ali Marandi,C"]
[Black "Shirov,A"]
[Result "0-1"]
[WhiteElo "2466"]
[BlackElo "2685"]

1.e4 e5 2.Nf3 Nc6 3.Bb5 a6 4.Ba4 Nf6 5.O-O b5 6.Bb3 Bc5 7.c3 d6 8.h3 Bb7
9.d4 Bb6 10.Re1 O-O 11.Bg5 h6 12.Bh4 Re8 13.a4 exd4 14.cxd4 g5 15.axb5 axb5
16.Rxa8 Bxa8 17.Bxg5 hxg5 18.Nxg5 d5 19.e5 Nxd4 20.Ba2 Nh7 21.Nxh7 Kxh7 22.Qh5+ Kg7
23.Qg4+ Kh6 24.h4 Ne6 25.Qf3 Qxh4 26.g3 Rg8 27.Kg2 d4 28.Qxa8 Nf4+ 29.Kg1 Rxg3+
30.fxg3 d3+ 31.Kf1 Qh3+  0-1

[Event "GRENKE Chess Open 2016"]
[Site "Karlsruhe GER"]
[Date "2016.03.26"]
[Round "4.2"]
[White "Shirov,A"]
[Black "Bindrich,F"]
[Result "1/2-1/2"]
[WhiteElo "2685"]
[BlackElo "2557"]

1.e4 e5 2.Nf3 Nc6 3.Bb5 Nf6 4.O-O Nxe4 5.d4 Nd6 6.Bxc6 dxc6 7.dxe5 Nf5 8.Qxd8+ Kxd8
9.Nc3 h6 10.h3 Bd7 11.b3 c5 12.Rd1 Kc8 13.Bb2 Be6 14.Nd5 g5 15.Nf6 b6 16.g4 Ne7
17.h4 gxh4 18.Nxh4 Ng8 19.f3 Nxf6 20.exf6 Rg8 21.Kf2 Bd6 22.Rh1 c4 23.Ng2 Bc5+
24.Kg3 Bd6+ 25.Nf4 cxb3 26.axb3 Bf5 27.Rac1 a5 28.Rxh6 a4 29.Rh5 Bg6 30.Rd5 a3
31.Be5 a2 32.Bxd6 cxd6 33.Rdd1 Kb7 34.Nd5 Rge8 35.Ne7 Bh7 36.g5 Ra5 37.Kf4 Rc5
38.Rxd6 Bxc2 39.b4 Rc4+ 40.Kg3 Bb1 41.Rd7+ Ka6 42.Rxc4 a1=Q 43.Rd5 Bh7 44.b5+ Kb7
45.Kf4 Qa2 46.Rd7+ Ka8 47.Rcc7 Bd3 48.g6 Bxb5 49.Ra7+ Qxa7 50.Rxa7+ Kxa7
51.g7 Bc4 52.Ke5 b5 53.Kd4 Kb6 54.g8=Q Rxg8 55.Nxg8 Be6 56.Ne7 b4 57.f4 Kc7
58.f5 Ba2 59.Ng6 Kd6 60.Ne5 Bd5 61.Nd3 b3 62.Nb2 Be6 63.fxe6 Kxe6 64.Kc3 Ke5  1/2-1/2

[Event "GRENKE Chess Open 2016"]
[Site "Karlsruhe GER"]
[Date "2016.03.27"]
[Round "7.6"]
[White "Sandipan,C"]
[Black "Shirov,A"]
[Result "0-1"]
[WhiteElo "2577"]
[BlackElo "2685"]

1.d4 d5 2.c4 c6 3.Nf3 Nf6 4.Nc3 e6 5.e3 Nbd7 6.Qc2 Bd6 7.Bd3 O-O 8.O-O dxc4
9.Bxc4 b5 10.Be2 Bb7 11.e4 e5 12.dxe5 Nxe5 13.Nh4 g6 14.f4 Bc5+ 15.Kh1 Neg4
16.e5 Nf2+ 17.Rxf2 Bxf2 18.Nf3 Nd5 19.f5 c5 20.Bg5 Ne3 21.Bxe3 Bxe3 22.Rd1 Qe7
23.f6 Qe6 24.Rd6 Qf5 25.Qxf5 gxf5 26.Nh4 Rfd8 27.Nxb5 Bf4 28.Nf3 a6 29.Nc7 Rxd6
30.exd6 Rd8 31.Nxa6 Bxd6 32.Bc4 h6 33.Nh4 Be5 34.Kg1 Rd4  0-1

[Event "TCh-CZE Extraliga 2015-16"]
[Site "Czech Republic CZE"]
[Date "2016.04.15"]
[Round "9.1"]
[White "Shirov,A"]
[Black "Simacek,P"]
[Result "1-0"]
[WhiteElo "2689"]
[BlackElo "2454"]

1.e4 e5 2.Nf3 Nc6 3.Bb5 a6 4.Ba4 Nf6 5.O-O Nxe4 6.d4 b5 7.Bb3 d5 8.dxe5 Be6
9.Be3 Nc5 10.Nc3 Nxb3 11.cxb3 Be7 12.Rc1 Qd7 13.Bg5 O-O 14.Bxe7 Nxe7 15.Qd4 Rad8
16.Qa7 Nc6 17.Qxa6 Bg4 18.Nd1 Nb8 19.Qb7 Bxf3 20.gxf3 Qf5 21.Ne3 Qxe5 22.Qxc7 Qxb2
23.Rfd1 Qf6 24.Qg3 d4 25.Ng4 Qb6 26.Ne5 Rd6 27.a4 Rd5 28.f4 f6 29.a5 Qxa5
30.Qh3 Re8 31.Rc8 Rdd8 32.b4 Qa7 33.Rxd8 Rxd8 34.Rxd4 Qa1+ 35.Kg2 Qa8+ 36.Kg3  1-0

[Event "TCh-CZE Extraliga 2015-16"]
[Site "Czech Republic CZE"]
[Date "2016.04.16"]
[Round "10.1"]
[White "Vorobiov,E"]
[Black "Shirov,A"]
[Result "1/2-1/2"]
[WhiteElo "2574"]
[BlackElo "2689"]

1.d4 d5 2.c4 c6 3.Nf3 Nf6 4.e3 Bg4 5.cxd5 cxd5 6.Nc3 e6 7.Qa4+ Nbd7 8.Ne5 a6
9.Nxg4 Nxg4 10.f3 Nf6 11.Qb3 b5 12.Bd3 Bd6 13.O-O O-O 14.Bd2 Nb6 15.Rae1 Nc4
16.Bc1 Qa5 17.Re2 e5 18.dxe5 Bxe5 19.Nd1 Rfe8 20.Bb1 Rac8 21.g3 Nd7 22.Qd3 g6
23.f4 Bg7 24.Qxd5 Ncb6 25.Qd2 b4 26.Nf2 Nc5 27.Qe1 Qb5 28.e4  1/2-1/2

[Event "13th Avicenna Open 2016"]
[Site "Hamedan IRI"]
[Date "2016.08.24"]
[Round "1.1"]
[White "Shirov,A"]
[Black "Gevorgyan,M"]
[Result "1-0"]
[WhiteElo "2674"]
[BlackElo "2209"]

1.e4 e5 2.Nf3 Nf6 3.Nxe5 d6 4.Nf3 Nxe4 5.Nc3 Nxc3 6.dxc3 Be7 7.Be3 Nd7 8.Qd2 O-O
9.O-O-O Ne5 10.h4 c6 11.c4 Be6 12.Ng5 Nxc4 13.Qd3 Bxg5 14.hxg5 g6 15.Bf4 Qb6
16.Qd4 Qxd4 17.Rxd4 d5 18.Bxc4 dxc4 19.Be5 h5 20.Bf6 Bd5 21.Rh2 Rfe8 22.g4 Re1+
23.Kd2 Rh1 24.Rxh1 Bxh1 25.gxh5 gxh5 26.Rh4 Bf3 27.Ke3 Bd1 28.f3 Re8+ 29.Kf4 Bxc2
30.Rxh5 Bh7 31.Rh2 b5 32.b3 cxb3 33.axb3 c5 34.Ra2 Ra8 35.Ra5 a6 36.Ke5 Bd3
37.Ra2 Re8+ 38.Kd5 Kh7 39.Kxc5 Re6 40.Rd2 Be2 41.f4 Kg6 42.Be5 Bf3 43.Rh2 Bd1
44.b4 Bb3 45.Rh8 Kf5 46.Ra8 Bc4 47.Bd6 Ke4 48.Rxa6 Re8 49.Be5 Rc8+ 50.Kd6 Re8
51.Ra5 Rd8+ 52.Ke7 Rc8 53.Ra6 Bd5 54.Kf6 Rg8 55.f5 Kd3 56.Ra1 Kc4 57.Rd1 Rd8
58.Ke7 Rg8 59.Rd4+ Kb3 60.Rxd5 Rxg5 61.Kf6 Rh5 62.Rxb5  1-0

[Event "13th Avicenna Open 2016"]
[Site "Hamedan IRI"]
[Date "2016.08.25"]
[Round "2.1"]
[White "Egorov,E"]
[Black "Shirov,A"]
[Result "0-1"]
[WhiteElo "2368"]
[BlackElo "2674"]

1.d4 d5 2.Nc3 Nf6 3.Bf4 e6 4.e3 a6 5.Nf3 c5 6.dxc5 Bxc5 7.Bd3 Nc6 8.O-O Bd6
9.Bg3 Bxg3 10.hxg3 e5 11.e4 d4 12.Ne2 Bg4 13.Qd2 Nd7 14.b4 O-O 15.a3 Rc8
16.a4 a5 17.bxa5 Nxa5 18.Rfb1 b6 19.Rb5 Qf6 20.Nh2 Be6 21.Qb4 Bc4 22.f4 Bxb5
23.axb5 Rc5 24.Nf3 Rfc8 25.Kf2 g6 26.Qb1 h5 27.Ra4 Nc4 28.Ra7 R5c7 29.Rxc7 Rxc7
30.Qa2 Ne3 31.Qa8+ Kg7 32.Qe8 Ra7 33.Nexd4 exd4 34.e5 Ng4+ 35.Ke2 Ndxe5  0-1

[Event "13th Avicenna Open 2016"]
[Site "Hamedan IRI"]
[Date "2016.08.25"]
[Round "3.1"]
[White "Shirov,A"]
[Black "Hayrapetyan,Ho"]
[Result "1/2-1/2"]
[WhiteElo "2674"]
[BlackElo "2453"]

1.e4 c5 2.Nf3 e6 3.d4 cxd4 4.Nxd4 a6 5.c4 Nf6 6.Nc3 Qc7 7.Be2 b6 8.Be3 Bb7
9.Qc2 h5 10.O-O-O Ng4 11.Bxg4 hxg4 12.Qe2 Rxh2 13.Qxg4 Rxh1 14.Rxh1 Nc6 15.Nxc6 Qxc6
16.Qg5 d6 17.b3 b5 18.Rh8 Kd7 19.Qh5 Ke7 20.c5 f6 21.b4 Qe8 22.cxd6+ Kd7
23.Qg4 Qf7 24.Bc5 Bxd6 25.Rh7 Rg8 26.Qd1 Qe7 27.a4 Kc7 28.Bxd6+ Qxd6 29.Qxd6+ Kxd6
30.axb5 axb5 31.Nxb5+ Ke5 32.f3 Kf4 33.Nd4 Kg3 34.Kd2 Kxg2 35.Ke3 Bc8 36.b5 f5
37.b6 g5 38.b7 f4+ 39.Ke2 e5 40.Rg7 Bxb7 41.Rxg8 Ba6+ 42.Ke1 exd4 43.e5 Kxf3
44.Rxg5 Bc4 45.Rg6 Ke3 46.Rc6 Bd5 47.Rc5 Ke4  1/2-1/2

[Event "13th Avicenna Open 2016"]
[Site "Hamedan IRI"]
[Date "2016.08.26"]
[Round "4.1"]
[White "Mosadeghpour,Masoud"]
[Black "Shirov,A"]
[Result "0-1"]
[WhiteElo "2437"]
[BlackElo "2674"]

1.e4 e6 2.d4 d5 3.Nc3 Nf6 4.e5 Nfd7 5.f4 c5 6.Nf3 Nc6 7.Be3 Be7 8.Qd2 O-O
9.dxc5 Nxc5 10.O-O-O Rb8 11.h4 b5 12.Qf2 Na4 13.Nd4 Bd7 14.Nxc6 Bxc6 15.Nxa4 bxa4
16.Bxa7 Rb7 17.Bc5 Bb5 18.Rh3 h5 19.f5 exf5 20.Bxb5 Rxb5 21.Bd4 Qd7 22.Qe2 g6
23.e6 fxe6 24.Re3 Kf7 25.Re1 Re8 26.g4 hxg4 27.Rf1 Rb4 28.c3 Rc4 29.b3 axb3
30.axb3 Rxd4 31.cxd4 Qa7 32.Kb1 Bf6  0-1

[Event "13th Avicenna Open 2016"]
[Site "Hamedan IRI"]
[Date "2016.08.27"]
[Round "5.2"]
[White "Shirov,A"]
[Black "Mousavi,Se"]
[Result "0-1"]
[WhiteElo "2674"]
[BlackElo "2422"]

1.e4 e6 2.d4 d5 3.e5 c5 4.c3 Nc6 5.Nf3 Nge7 6.Na3 cxd4 7.cxd4 Nf5 8.Nc2 Qb6
9.Bd3 Bd7 10.O-O a5 11.Bxf5 exf5 12.Ne3 Be6 13.g3 h6 14.Ng2 g5 15.Be3 Be7
16.h4 Rg8 17.hxg5 hxg5 18.a3 a4 19.Rc1 f4 20.gxf4 Bg4 21.fxg5 Bxg5 22.Re1 Bd8
23.e6 fxe6 24.Bf4 Bc7 25.Bxc7 Qxc7 26.Re3 Qg7 27.Qf1 Bxf3 28.Rxf3 Nxd4 29.Rg3 Qf7
30.Rxg8+ Qxg8 31.Qd3 Qg7 32.Kf1 Qh6 33.f4 Qh1+ 34.Kf2 Qxc1 35.Qxd4 O-O-O
36.Ne3 Rg8 37.Qe5 Qc6 38.f5 d4 39.Qxd4 exf5 40.Qe5 Qe4 41.Qxe4 fxe4 42.Nd5 Rf8+
43.Ke2 Rf3 44.Nc3 Kc7 45.Nxa4 Kd6  0-1

[Event "13th Avicenna Open 2016"]
[Site "Hamedan IRI"]
[Date "2016.08.27"]
[Round "6.4"]
[White "Gholami Orimi,Mahdi"]
[Black "Shirov,A"]
[Result "0-1"]
[WhiteElo "2304"]
[BlackElo "2674"]

1.d4 d5 2.c4 c6 3.Nc3 Nf6 4.Nf3 e6 5.e3 Nbd7 6.Qc2 Bd6 7.b3 O-O 8.Bb2 e5
9.h3 e4 10.Nd2 Re8 11.O-O-O Nf8 12.Be2 a6 13.g4 b5 14.c5 Bc7 15.Rdg1 a5 16.g5 N6d7
17.Nd1 f5 18.gxf6 Nxf6 19.h4 Bf5 20.Nf1 a4 21.Ng3 Bxg3 22.Rxg3 axb3 23.axb3 b4
24.Rhg1 Ne6 25.Qd2 Qa5 26.Qc2 Ra7 27.h5 Rf7 28.h6 g6 29.Qb1 Qa8 30.Qc2 Kf8
31.Kd2 g5 32.Ke1 g4 33.f4 exf3 34.Qxf5 fxe2 35.Kxe2 Ne4 36.Qxg4 Nf4+ 37.Ke1 Nd3+
38.Ke2 Qa6  0-1

[Event "13th Avicenna Open 2016"]
[Site "Hamedan IRI"]
[Date "2016.08.28"]
[Round "7.2"]
[White "Shirov,A"]
[Black "Petrosian,DG"]
[Result "1-0"]
[WhiteElo "2674"]
[BlackElo "2399"]

1.e4 e6 2.d4 d5 3.e5 c5 4.c3 Nc6 5.Nf3 Nh6 6.Bd3 cxd4 7.Bxh6 gxh6 8.cxd4 f6
9.O-O Bg7 10.Re1 O-O 11.Nbd2 Nxd4 12.Nxd4 fxe5 13.N4f3 e4 14.Nxe4 dxe4 15.Rxe4 b5
16.Qe2 Bb7 17.Rxe6 Rc8 18.Be4 Bxe4 19.Rxe4 Qd5 20.h3 a5 21.Rd1 Qxa2 22.Qxb5 Rb8
23.Qd5+ Qxd5 24.Rxd5 Rb4 25.Rxb4 axb4 26.Ne5 Bxe5 27.Rxe5 Rc8 28.g3 Rc1+
29.Kg2 Rc2 30.b3 Rb2 31.Re3 h5 32.Kf3 Kf7 33.Rd3 Kf6 34.Ke3 Kf5 35.f4 Rg2
36.Kf3 Rb2 37.g4+ hxg4+ 38.hxg4+ Kf6 39.Ke4 h6 40.Rg3 Rd2 41.g5+ hxg5 42.fxg5+ Kg6
43.Ke5 Rd8 44.Rg4 Rb8 45.Kd5 Kf5 46.Rg1 Kg6 47.Kc5 Rb7 48.Rg4 Rb8 49.Rxb4 Rc8+
50.Kd6 Kxg5 51.Rb7 Kf5 52.b4 Rd8+ 53.Kc7 Rh8 54.b5 Ke6 55.Rb8 Rh5 56.Kc6 Ke7
57.b6  1-0

[Event "13th Avicenna Open 2016"]
[Site "Hamedan IRI"]
[Date "2016.08.29"]
[Round "8.1"]
[White "Shirov,A"]
[Black "Gabuzyan,H"]
[Result "1-0"]
[WhiteElo "2674"]
[BlackElo "2590"]

1.d4 Nf6 2.c4 g6 3.Nc3 Bg7 4.e4 d6 5.Be2 O-O 6.Nf3 c6 7.O-O a6 8.e5 Ne8 9.Bf4 Bg4
10.Ne4 dxe5 11.Nxe5 Bxe2 12.Qxe2 Nd7 13.Rad1 Nd6 14.Nc3 Nf6 15.Rfe1 e6 16.g4 Re8
17.Qf3 Qe7 18.Bg5 h6 19.Bh4 Rad8 20.Kg2 g5 21.Bg3 Nh7 22.b3 f5 23.gxf5 Nxf5
24.d5 cxd5 25.cxd5 Nf6 26.Nc4 g4 27.Qf4 Nxg3 28.hxg3 b5 29.Ne3 b4 30.Nf5 Qf8
31.dxe6 Rxd1 32.Nxd1 Qc5 33.Nxh6+ Kh7 34.Nxg4 Rxe6 35.Rxe6 Qd5+ 36.Qf3 Qxe6
37.Nxf6+ Bxf6 38.Ne3 Qd6 39.Qh5+ Kg8 40.Qd5+  1-0

[Event "6th Dziedzica Mem 2016"]
[Site "Trzcianka POL"]
[Date "2016.09.18"]
[Round "1.2"]
[White "Dzida,Kamil"]
[Black "Shirov,A"]
[Result "0-1"]
[WhiteElo "1752"]
[BlackElo "2673"]

1.e4 e5 2.Nf3 Nc6 3.Bb5 a6 4.Ba4 Nf6 5.O-O b5 6.Bb3 Bc5 7.Nxe5 Nxe5 8.d4 Bxd4
9.Qxd4 d6 10.a4 c5 11.Qe3 O-O 12.Nc3 c4 13.Ba2 b4 14.Nd5 Nxd5 15.exd5 a5
16.f4 Ng4 17.Qd4 Ba6 18.h3 Qf6 19.Rd1 Rfe8 20.hxg4 Re1+ 21.Kf2 Qh4+ 22.g3 Qh2+
23.Kxe1 Re8+ 24.Be3 c3 25.Rd3 Qg1+ 26.Ke2 Qxa1 27.bxc3 Qxa2 28.Kf3 Bxd3 29.Qxd3 Qxa4
30.cxb4 Qxb4 31.Bd4 a4 32.Bc3 Qc5 33.Qd4 Qxd4 34.Bxd4 a3 35.c4 a2  0-1

[Event "6th Dziedzica Mem 2016"]
[Site "Trzcianka POL"]
[Date "2016.09.18"]
[Round "2.2"]
[White "Shirov,A"]
[Black "Smieszek,W"]
[Result "1-0"]
[WhiteElo "2673"]
[BlackElo "2185"]

1.d4 Nf6 2.c4 c5 3.d5 e6 4.Nc3 exd5 5.cxd5 d6 6.e4 g6 7.f4 Bg7 8.Bb5+ Nfd7
9.Nf3 O-O 10.O-O a6 11.Bd3 b5 12.Be3 Qc7 13.Qd2 Nf6 14.e5 Ng4 15.Ne4 Nxe3
16.Qxe3 dxe5 17.fxe5 c4 18.Nf6+ Bxf6 19.exf6 Nd7 20.Qh6 Qb6+ 21.Kh1 Qxf6
22.Be4 Nc5 23.Rae1 Qg7 24.Qh4 Bb7 25.Ng5 h6 26.Nh3 Rae8 27.Bf3 Nd3 28.Rxe8 Rxe8
29.d6 g5 30.Qg3 Bxf3 31.Qxf3 Rd8 32.Qc6 Ne5 33.Qd5 Rd7 34.Re1 Nd3 35.Re8+ Kh7
36.Qf5+ Qg6 37.Nxg5+ hxg5 38.Qh3+ Qh6 39.Rh8+ Kxh8 40.Qxh6+ Kg8 41.Qxg5+ Kf8
42.Qf6  1-0

[Event "6th Dziedzica Mem 2016"]
[Site "Trzcianka POL"]
[Date "2016.09.18"]
[Round "3.2"]
[White "Kucza,Karol"]
[Black "Shirov,A"]
[Result "1-0"]
[WhiteElo "2286"]
[BlackElo "2673"]

1.e4 e6 2.d4 d5 3.Nc3 Nf6 4.e5 Nfd7 5.f4 c5 6.Nf3 Nc6 7.Be3 Be7 8.Be2 O-O
9.O-O f6 10.exf6 Nxf6 11.Kh1 Ng4 12.Bg1 Rxf4 13.dxc5 Nf6 14.Qd2 e5 15.Rfd1 Rf5
16.Nxd5 Nxd5 17.Qxd5+ Qxd5 18.Rxd5 Be6 19.Rd2 e4 20.Nd4 Nxd4 21.Bxd4 Bxc5
22.Bg4 e3 23.Rdd1 e2 24.Bxe2 Rd8 25.Bxc5 Rxd1+ 26.Rxd1 Rxc5 27.c4 Bxc4 28.Rc1 b5
29.b3 Re5 30.Bxc4+ bxc4 31.bxc4 Kf7 32.Kg1 Re2 33.c5 Ke8 34.c6 Kd8 35.Rd1+ Kc8
36.Rd7 Rxa2 37.Rxg7 h5 38.h4 Ra4 39.g3 Ra2 40.Rh7 a5 41.Rxh5 Kc7 42.Rc5 a4
43.h5 a3 44.h6 Rb2 45.Ra5 a2 46.h7 Rb8 47.Rxa2 Kxc6 48.Ra7 Kd6 49.g4 Ke6
50.g5 Kf5 51.Rg7 Rb1+ 52.Kf2 Rb2+ 53.Ke3 Rh2 54.g6  1-0

[Event "6th Dziedzica Mem 2016"]
[Site "Trzcianka POL"]
[Date "2016.09.18"]
[Round "5.7"]
[White "Woloch,Oskar"]
[Black "Shirov,A"]
[Result "0-1"]
[WhiteElo "2186"]
[BlackElo "2673"]

1.d4 d5 2.c4 c6 3.Nc3 Nf6 4.e3 e6 5.Nf3 Nbd7 6.cxd5 exd5 7.Bd3 Bd6 8.Qc2 O-O
9.O-O Re8 10.a3 Nf8 11.h3 a5 12.Bd2 Bd7 13.Na4 Ne4 14.Nc5 Bxc5 15.dxc5 Ng6
16.Bc3 Nxc5 17.Bxg6 hxg6 18.Bxg7 Ne4 19.Bd4 c5 20.Bc3 b5 21.b3 Bf5 22.g4 Ng5
23.gxf5 Nxf3+ 24.Kh1 Qd6 25.Kg2 Nh4+ 26.Kh1 d4 27.Bd2 Nf3 28.Kg2 d3 29.Qc3 Qh2+
30.Kxf3 Qxh3+ 31.Kf4 Re4+  0-1

[Event "6th Dziedzica Mem 2016"]
[Site "Trzcianka POL"]
[Date "2016.09.18"]
[Round "6.5"]
[White "Shirov,A"]
[Black "Mazurkiewicz,M"]
[Result "1-0"]
[WhiteElo "2673"]
[BlackElo "2215"]

1.d4 Nf6 2.c4 e5 3.dxe5 Ng4 4.Bf4 g5 5.Bd2 Nxe5 6.e4 d6 7.Nc3 Bg7 8.Nf3 Nxf3+
9.Qxf3 Nc6 10.Qg3 g4 11.f4 h5 12.O-O-O Nd4 13.f5 Rg8 14.Bf4 b5 15.cxb5 Bb7
16.Bc4 Qe7 17.Rd2 O-O-O 18.Rhd1 h4 19.Qe3 Rde8 20.Rxd4 Bxd4 21.Qxd4  1-0

[Event "6th Dziedzica Mem 2016"]
[Site "Trzcianka POL"]
[Date "2016.09.18"]
[Round "7.1"]
[White "Shirov,A"]
[Black "Krasenkow,M"]
[Result "1-0"]
[WhiteElo "2673"]
[BlackElo "2626"]

1.e4 g6 2.d4 Bg7 3.Nc3 c6 4.f4 d5 5.e5 Qb6 6.h3 Nh6 7.Nf3 Nf5 8.Rg1 Ng3 9.Bd3 Na6
10.Kf2 Nf5 11.g4 Nxd4 12.Be3 c5 13.Nxd5 Qd8 14.Bxa6 bxa6 15.Nxd4 cxd4 16.Qxd4 O-O
17.Qc5 Bb7 18.Nxe7+ Kh8 19.Rad1 Qb8 20.Rd7 Bc8 21.Rc7 Bb7 22.f5 Rd8 23.f6 Bf8
24.e6 Bd5 25.Nxg6+ fxg6 26.e7 Bf7 27.Bd4 Kg8 28.Re1 Rc8 29.exf8=Q+ Rxf8 30.Ree7 Qd8
31.Rxf7 Rxf7 32.Rxf7 Rc8 33.Rg7+ Kh8 34.Rd7  1-0

[Event "6th Dziedzica Mem 2016"]
[Site "Trzcianka POL"]
[Date "2016.09.18"]
[Round "8.1"]
[White "Tomczak,J"]
[Black "Shirov,A"]
[Result "1/2-1/2"]
[WhiteElo "2601"]
[BlackElo "2673"]

1.e4 c5 2.Nf3 Nc6 3.d4 cxd4 4.Nxd4 Nf6 5.Nc3 e5 6.Ndb5 d6 7.Na3 Be7 8.Bg5 Nxe4
9.Nxe4 Bxg5 10.Nxd6+ Ke7 11.Nac4 Be6 12.Bd3 Qc7 13.Qh5 f6 14.O-O Rad8 15.f4 Bxf4
16.g3 g6 17.Qf3 Bxc4 18.Nxc4 b5 19.gxf4 bxc4 20.fxe5 Qb6+ 21.Kh1 Nxe5 22.Rae1 cxd3
23.Rxe5+ Kf7 24.Rb5 Qe6 25.Rb7+ Ke8 26.cxd3 Rf8 27.Rxa7 Rf7 28.Rxf7 Kxf7
29.b3 f5 30.Rf2 Qa6 31.Rd2 Qe6 32.Re2 Qa6 33.Qe3 Qxd3 34.Qe7+ Kg8 35.Qe6+ Kg7
36.Qe7+  1/2-1/2

[Event "6th Dziedzica Mem 2016"]
[Site "Trzcianka POL"]
[Date "2016.09.18"]
[Round "9.3"]
[White "Shirov,A"]
[Black "Plichta,K"]
[Result "1-0"]
[WhiteElo "2673"]
[BlackElo "2333"]

1.e4 c5 2.Nf3 Nc6 3.d4 cxd4 4.Nxd4 g6 5.c4 Bg7 6.Be3 Nf6 7.Nc3 O-O 8.Be2 Nxd4
9.Bxd4 d6 10.O-O Bd7 11.b4 a5 12.a3 Be6 13.e5 dxe5 14.Bxe5 axb4 15.axb4 Rxa1
16.Qxa1 Qb6 17.Nb5 Rc8 18.c5 Qd8 19.Rd1 Qf8 20.Bf3 Bg4 21.Bxb7 Bxd1 22.Bxc8 Be2
23.Na7 Qd8 24.c6 Qd2 25.c7 Ne4 26.Bb7 Bg4 27.Bxg7 Qxf2+ 28.Kh1 Nd6 29.Bh6 f6
30.c8=Q+ Nxc8 31.Nxc8 Kf7 32.Bd5+ e6 33.Bc6 g5 34.Qa7+ Qxa7 35.Nxa7  1-0

[Event "17th Puhajarve Rapid"]
[Site "Puhajarve EST"]
[Date "2016.11.25"]
[Round "2.2"]
[White "Shirov,A"]
[Black "Huebner,R"]
[Result "1-0"]
[WhiteElo "2673"]
[BlackElo "2574"]

1.e4 e5 2.Nf3 Nc6 3.Bb5 a6 4.Ba4 d6 5.O-O Bd7 6.d4 Nxd4 7.Bxd7+ Qxd7 8.Nxd4 exd4
9.Qxd4 Ne7 10.Nc3 Nc6 11.Qe3 Be7 12.Nd5 O-O 13.b3 Rae8 14.Bb2 Bd8 15.Rae1 f6
16.c4 Ne7 17.Nf4 Ng6 18.Nxg6 hxg6 19.f4 f5 20.Qf3 Qc6 21.e5 Qxf3 22.Rxf3 dxe5
23.Bxe5 Bf6 24.Rfe3 Bxe5 25.Rxe5 Rxe5 26.Rxe5 Kf7 27.Rd5 Ke6 28.Kf2 c6 29.Rd3 c5
30.Kg3 b6 31.h3 Rh8 32.a3 a5 33.Rd5 Ke7 34.Rd1 Ke6 35.Rd3 Ke7 36.b4 axb4
37.axb4 cxb4 38.Rb3 Kd6 39.Rxb4 Kc6 40.Ra4 Rd8 41.Kh4 Rd3 42.Ra7 Rd4 43.Kg5 Rxc4
44.Rxg7 b5 45.Rxg6+ Kc5 46.Rg8 b4 47.Rb8 Rc3 48.g4 Rxh3 49.Kxf5 b3 50.g5 Kc4
51.g6  1-0

[Event "17th Puhajarve Rapid"]
[Site "Puhajarve EST"]
[Date "2016.11.25"]
[Round "3.2"]
[White "Kulaots,K"]
[Black "Shirov,A"]
[Result "0-1"]
[WhiteElo "2556"]
[BlackElo "2673"]

1.e4 e6 2.d4 d5 3.Nc3 Nf6 4.e5 Nfd7 5.f4 c5 6.Nf3 Nc6 7.Be3 Be7 8.a3 O-O
9.dxc5 Bxc5 10.Bxc5 Nxc5 11.b4 Nd7 12.Bd3 f6 13.O-O a5 14.b5 Ne7 15.Na4 Nb6
16.Nxb6 Qxb6+ 17.Kh1 Bd7 18.Qe2 f5 19.Qf2 Qxf2 20.Rxf2 Rfc8 21.Nd4 Rc3 22.a4 Nc8
23.Kg1 Nb6 24.Kf1 Kf7 25.Ke2 Nc4 26.h3 h5 27.Rf3 g5 28.g3 g4 29.Rf2 gxh3
30.Rh2 Rh8 31.Rxh3 Ke7 32.Rh2 Be8 33.Kf2 Nb2 34.Ke2 Rg8 35.Rh3 b6 36.Kd2 Rc8
37.Be2 Nc4+ 38.Kd3 Nb2+ 39.Kd2 Nc4+ 40.Kd3 h4 41.gxh4 Rg2 42.h5 Rf2 43.h6 Rxf4
44.h7 Nxe5+ 45.Ke3 Re4+ 46.Kf2 Ng6 47.Bh5  0-1

[Event "17th Puhajarve Rapid"]
[Site "Puhajarve EST"]
[Date "2016.11.25"]
[Round "4.1"]
[White "Shirov,A"]
[Black "Narva,M"]
[Result "1-0"]
[WhiteElo "2673"]
[BlackElo "2218"]

1.e4 c5 2.Nf3 Nc6 3.d4 cxd4 4.Nxd4 Nf6 5.Nc3 d6 6.Bg5 e6 7.Qd2 a6 8.O-O-O Bd7
9.f3 Be7 10.h4 h6 11.Be3 h5 12.Kb1 Ne5 13.f4 Neg4 14.Nf3 Bc6 15.Bd3 O-O 16.Bd4 b5
17.e5 dxe5 18.fxe5 Nd5 19.Ne4 Nb4 20.Nf6+ Nxf6 21.exf6 Bxf6 22.Qxb4  1-0

[Event "17th Puhajarve Rapid"]
[Site "Puhajarve EST"]
[Date "2016.11.26"]
[Round "10.1"]
[White "Shirov,A"]
[Black "Ehlvest,J"]
[Result "1-0"]
[WhiteElo "2673"]
[BlackElo "2532"]

1.e4 c5 2.Nf3 Nc6 3.d4 cxd4 4.Nxd4 Qb6 5.Nb3 Nf6 6.Nc3 e6 7.Qe2 d6 8.f4 Qc7
9.Nb5 Qb8 10.g4 a6 11.N5d4 Qc7 12.Bg2 Nxd4 13.Nxd4 e5 14.Nf5 g6 15.fxe5 dxe5
16.Bg5 Nxg4 17.O-O-O f6 18.Qxg4 fxg5 19.Qxg5 Be7 20.Qh6 gxf5 21.Qh5+ Kf8
22.Qh6+ Ke8 23.Bf3 Bd7 24.exf5 Rf8 25.Rhg1 Rc8 26.c3 e4 27.f6 Bxf6 28.Bh5+ Ke7
29.Rg7+ Ke6 30.Bg4+ Ke5 31.Rgxd7 Qb6 32.R7d5+  1-0

[Event "17th Puhajarve Rapid"]
[Site "Puhajarve EST"]
[Date "2016.11.26"]
[Round "12.1"]
[White "Shirov,A"]
[Black "Sepp,O"]
[Result "1/2-1/2"]
[WhiteElo "2673"]
[BlackElo "2429"]

1.e4 e5 2.Nf3 Nc6 3.Bb5 Nf6 4.O-O Nxe4 5.d4 Nd6 6.Bxc6 dxc6 7.dxe5 Nf5 8.Qxd8+ Kxd8
9.Nc3 Ne7 10.h3 Ng6 11.Bg5+ Ke8 12.Rad1 Bd7 13.Nd4 h6 14.Bc1 Rd8 15.f4 Bc5
16.Be3 Bc8 17.Ne4 Bxd4 18.Rxd4 b6 19.g4 Ke7 20.Ng3 Rxd4 21.Bxd4 Rd8 22.Be3 c5
23.Nh5 Kf8 24.Kf2 Bb7 25.Re1 a5 26.f5 Nxe5 27.Bxc5+ bxc5 28.Rxe5 Rd2+ 29.Re2 Rd1
30.c3 Ba6 31.Re5 Rd2+ 32.Kg3 Rxb2 33.Rxc5 Rxa2 34.Rxc7 a4 35.Ra7 Bb5 36.Ra8+ Ke7
37.Nxg7 Rc2 38.Ra7+ Kd6 39.Rxf7 Rxc3+ 40.Kh4 Bf1 41.Kh5 Rxh3+ 42.Kg6 Rh4
43.Ra7 Rxg4+ 44.Kxh6 Bd3 45.f6 Rg6+ 46.Kh5 Rxf6 47.Ne8+ Ke5 48.Ra5+ Ke6 49.Nxf6 Kxf6
50.Rxa4 Bf5  1/2-1/2

[Event "17th Puhajarve Rapid"]
[Site "Puhajarve EST"]
[Date "2016.11.26"]
[Round "16.1"]
[White "Shirov,A"]
[Black "Ladva,O"]
[Result "1-0"]
[WhiteElo "2673"]
[BlackElo "2510"]

1.e4 c5 2.Nf3 e6 3.d4 cxd4 4.Nxd4 Nc6 5.Nc3 Qc7 6.Be3 a6 7.Qf3 Bd6 8.O-O-O Be5
9.Nxc6 bxc6 10.Bd4 Nf6 11.Bxe5 Qxe5 12.Qg3 Qxg3 13.hxg3 d5 14.Be2 Ke7 15.exd5 cxd5
16.g4 g5 17.Rh6 Bb7 18.Bf3 Rab8 19.Ne2 Rhg8 20.Nd4 Rg6 21.Rhh1 Rgg8 22.Be2 a5
23.f3 Kf8 24.a4 Kg7 25.Bb5 Ra8 26.c3 Rh8 27.Kc2 h5 28.gxh5 Rxh5 29.b4 Rxh1
30.Rxh1 Bc8 31.Bc6 Ra7 32.b5 e5 33.b6 Re7 34.Nb3 Bf5+ 35.Kd2 Nd7 36.b7  1-0

[Event "17th Puhajarve Rapid"]
[Site "Puhajarve EST"]
[Date "2016.11.26"]
[Round "18.1"]
[White "Shirov,A"]
[Black "Valgmae,Toomas"]
[Result "1-0"]
[WhiteElo "2673"]
[BlackElo "2270"]

1.e4 c6 2.d4 d5 3.e5 Bf5 4.Nf3 e6 5.Be2 Ne7 6.O-O h6 7.b3 c5 8.c4 Nbc6 9.Nc3 dxc4
10.Nb5 Ng6 11.bxc4 cxd4 12.Nfxd4 Ngxe5 13.Nxf5 exf5 14.Bb2 Qxd1 15.Raxd1 Rc8
16.Bh5 Bb4 17.a3 Nxc4 18.axb4 O-O 19.Bc3 a6 20.Nd6 Nxd6 21.Rxd6 Rfd8 22.Rxd8+ Rxd8
23.Rd1 Rc8 24.g3 Ne7 25.Be5 Nc6 26.Bd6 Rd8 27.Bc5 Rb8 28.Rd7 g6 29.Be2 b6
30.Bd6 Ra8 31.Bc4  1-0